Matemática financiera /

Guardado en:
Autor Principal: Di Vincenzo, Osvaldo N.
Formato: Libro
Publicado: Buenos Aires : Kapelusz, 1993
Edición:3a. ed.
Materias:
Etiquetas: Agregar Etiqueta
Sin Etiquetas, Sea el primero en etiquetar este registro!
LEADER 00817nam a22002295a 4500
001 CEM.cems007471
008 130507s1993##################000#0#####d
005 20241220100525.0
245 1 0 |a Matemática financiera / 
250 |a 3a. ed. 
260 |a Buenos Aires :  |b Kapelusz,  |c 1993 
300 |a 279 p. 
505 0 |a INtroducci¢n: Conceptualizaci¢n y temas de revisi¢n.- Parte I: Valuaci¢n de capitales £nicos.- Parte II: Valuaci¢n de capitales m£ltiples... 
100 1 |a Di Vincenzo, Osvaldo N. 
082 0 4 |a 511.8 
653 |a Descuento comercial 
653 |a Interes compuesto 
653 |a Interes simple 
653 |a Matematica 
653 |a Matematica financiera 
859 |a CEMS  |b BIB. CEMS - 11 de abril  |h 511.8  |i D642a3  |p 17382.94  |t Ej.1 
859 |a CEMS  |b BIB. CEMS - 11 de abril  |h 511.8  |i D642a3  |p 17383.94  |t Ej.2